Statistisches Jahrbuch 1997 Fürstentum Liechtenstein

Enregistré dans:
Détails bibliographiques
Format: Livre
Langue:allemand
Publié: Vaduz Amt für Volkswirtschaft 1997
Sujets:
Tags: Ajouter un tag
Pas de tags, Soyez le premier à ajouter un tag!

MARC

LEADER 00000nam a2200000 4500
001 c100243
005 20251217121042.9
041 0 |a ger 
044 |a LI 
245 1 0 |a Statistisches Jahrbuch 1997  |b Fürstentum Liechtenstein 
264 1 |a Vaduz  |b Amt für Volkswirtschaft  |c 1997 
300 |a 376 s. 
610 2 0 |a Lichtenštajnsko